000 00216 a2200097 4500
020 _a9780199455447
100 _aVandana Ahuja
245 _aDigital marketing
260 _bOxford University Press
_c2024
942 _cOO
999 _c115565
_d115564